|
|
|
|
| LEADER |
00000nlm0a2200000 4500 |
| 001 |
648272 |
| 005 |
20240130154759.0 |
| 029 |
1 |
0 |
|a RU
|b 136902
|c Пат.
|d МПК G 05 B 13/00
|
| 035 |
|
|
|a (RuTPU)RU\TPU\network\13429
|
| 035 |
|
|
|a RU\TPU\network\1993
|
| 039 |
0 |
|
|a RU
|b 2013113255/08
|c 20130325
|
| 090 |
|
|
|a 648272
|
| 100 |
|
|
|a 20160516j20140120k y0rusy50 ca
|
| 101 |
0 |
|
|a rus
|
| 102 |
|
|
|a RU
|
| 105 |
|
|
|a a k 000zy
|
| 135 |
|
|
|a drgn ---uucaa
|
| 181 |
|
0 |
|a i
|
| 182 |
|
0 |
|a b
|
| 200 |
1 |
|
|a Устройство для идентификации объектов управления
|e полезная модель
|f В. И. Гончаров, А. В. Лиепиньш, В. А. Онуфриев
|g Национальный исследовательский Томский политехнический университет (ТПУ)
|
| 203 |
|
|
|a Текст
|c электронный
|
| 300 |
|
|
|a опубл. 20.01.14
|
| 330 |
|
|
|a Полезная модель относится к области систем автоматического управления и может быть использована для экспериментального получения математических моделей линейных и линеаризуемых объектов управления.
|
| 610 |
1 |
|
|a патенты
|
| 610 |
1 |
|
|a труды учёных ТПУ
|
| 610 |
1 |
|
|a электронный ресурс
|
| 610 |
1 |
|
|a изобретения
|
| 610 |
1 |
|
|a полезные модели
|
| 610 |
1 |
|
|a идентификация
|
| 610 |
1 |
|
|a объекты управления
|
| 610 |
1 |
|
|a системы автоматического управления
|
| 610 |
1 |
|
|a математические модели
|
| 610 |
1 |
|
|a линейные объекты
|
| 610 |
1 |
|
|a объекты управления
|
| 700 |
|
1 |
|a Гончаров
|b В. И.
|c радиотехник, специалист в области информатики и вычислительной техники
|c профессор Томского политехнического университета, доктор технических наук
|f 1937-
|g Валерий Иванович
|3 (RuTPU)RU\TPU\pers\21955
|9 9274
|
| 701 |
|
1 |
|a Лиепиньш
|b А. В.
|c специалист в области автоматики и электроники
|c заведующий кафедрой Томского политехнического университета, кандидат технических наук
|f 1974-
|g Андрей Вилнисович
|3 (RuTPU)RU\TPU\pers\30837
|
| 701 |
|
1 |
|a Онуфриев
|b В. А.
|c специалист в области информатики и вычислительной техники
|c инженер-электроник Томского политехнического университета
|g Вадим Александрович
|3 (RuTPU)RU\TPU\pers\30850
|
| 712 |
0 |
2 |
|a Национальный исследовательский Томский политехнический университет (ТПУ)
|b Институт кибернетики (ИК)
|b Кафедра интегрированных компьютерных систем управления (ИКСУ)
|3 (RuTPU)RU\TPU\col\18701
|
| 712 |
0 |
2 |
|a Интеллектуальные адаптивные системы автоматизации
|
| 801 |
|
1 |
|a RU
|b 63413507
|c 20120201
|
| 801 |
|
2 |
|a RU
|b 63413507
|c 20160603
|g RCR
|
| 856 |
4 |
|
|u http://www.fips.ru/Archive/PAT/2014FULL/2014.01.20/DOC/RUNWU1/000/000/000/136/902/document.pdf
|
| 942 |
|
|
|c CF
|